| 000 | 01277nam a2200349Ia 4500 | ||
|---|---|---|---|
| 001 | ebr10361334 | ||
| 003 | CaPaEBR | ||
| 006 | m u | ||
| 007 | cr cn||||||||| | ||
| 008 | 090812s2010 njua s 001 0 eng d | ||
| 010 | _z 2009933758 | ||
| 020 | _z9780470525937 (pbk.) | ||
| 020 | _z0470525932 (pbk.) | ||
| 040 |
_aCaPaEBR _cCaPaEBR |
||
| 035 | _a(OCoLC)593239944 | ||
| 050 | 1 | 4 |
_aQA76.73.J39 _bW55 2010eb |
| 100 | 1 |
_aWilton, Paul, _d1969- |
|
| 245 | 1 | 0 |
_aBeginning JavaScript _h[electronic resource] / _cPaul Wilton, Jeremy McPeak. |
| 250 | _a4th ed. | ||
| 260 |
_aHoboken, NJ : _bWiley, _cc2010. |
||
| 300 |
_axxviii, 758 p. : _bill. |
||
| 500 | _aPrevious ed.: Indianapolis, Ind.: Wiley, 2007. | ||
| 500 | _aIncludes index. | ||
| 533 |
_aElectronic reproduction. _bPalo Alto, Calif. : _cebrary, _d2010. _nAvailable via World Wide Web. _nAccess may be limited to ebrary affiliated libraries. |
||
| 650 | 0 | _aJavaScript (Computer program language) | |
| 650 | 0 | _aWorld Wide Web. | |
| 650 | 0 | _aWeb servers. | |
| 655 | 7 |
_aElectronic books. _2local |
|
| 700 | 1 |
_aMcPeak, Jeremy, _d1979- |
|
| 710 | 2 | _aebrary, Inc. | |
| 856 | 4 | 0 |
_uhttp://site.ebrary.com/lib/rucke/Doc?id=10361334 _zAn electronic book accessible through the World Wide Web; click to view |
| 999 |
_c106217 _d106217 |
||